Nástroje vyhľadávania zamestnancov v medzinárodnom podniku bakalárska práca

Guardado en:
Detalles Bibliográficos
Autor principal: Pavelková, Jana
Autor Corporativo: Fakulta podnikového manažmentu EU. Katedra manažmentu
Otros Autores: Tarišková, Natália, 1973-
Formato: Libro
Lenguaje:eslovaco
Publicado: Bratislava 2017
Etiquetas: Agregar Etiqueta
Sin Etiquetas, Sea el primero en etiquetar este registro!

MARC

LEADER 00000nbm a2200000 4500
001 0232374
005 20171215125431.7
041 0 |a slo 
044 |a SK 
245 1 0 |a Nástroje vyhľadávania zamestnancov v medzinárodnom podniku  |b bakalárska práca  |c Jana Pavelková ; školiteľ: Natália Tarišková 
264 1 |a Bratislava  |c 2017 
300 |a 45 s. 
100 1 |a Pavelková, Jana 
700 1 |a Tarišková, Natália, 1973- 
710 2 |a Fakulta podnikového manažmentu EU. Katedra manažmentu